TV Show Opening Credits Quiz Stats

 Plays Quiz Updated Jul 22, 2020

Support Sporcle.
Go Orange.
Score 0/20 Timer 04:00
11 Plays Today
% Correct
The Simpsons
95.7%
Friends
93.6%
30 Rock
79.2%
How I Met Your Mother
74.4%
Desperate Housewives
73.8%
Full House
73.1%
House
66.8%
Mad Men
61.5%
Scrubs
59.4%
Cheers
54.8%
% Correct
Arrested Development
41.4%
Freaks and Geeks
39.3%
Gossip Girl
34.7%
Heroes
34.3%
The Sopranos
23.5%
CSI
17.7%
Beverly Hills, 90210
17.5%
Entourage
17.3%
The Wire
12.4%
My So-Called Life
9.4%

From the Vault

'Sub' Words

by caramba

Some of these subs are delicious, others not so much.
Remove Ads.
Support Sporcle.
Get the best of Sporcle when you Go Orange. This ad-free experience offers more features, more stats, and more fun while also helping to support Sporcle. Thank you for becoming a member.

Show Comments

Extras

Top Quizzes Today


Score Distribution

Your Account Isn't Verified!

In order to create a playlist on Sporcle, you need to verify the email address you used during registration. Go to your Sporcle Settings to finish the process.

Report this User

Report this user for behavior that violates our Community Guidelines.

Details: